000
00219nam a22000857a 4500
008
160704b xxu||||| |||| 00| 0 eng d
100
_9
2055
_a
Nair, T.K.D
245
_a
School Planning & Management
260
_a
Delhi
_b
Shipra
999
_c
1753
_d
1753